00338nam a2200121Ia 4500008004100000040001900041041001200060082002500072100001900097245004000116260004200156850001800198131103s9999 xx 000 0 und d aLoreto College aEnglish a943/RODbLCLIB/11562 aRoades,John E. aGermanyb a history cJohn E Roades aNew YorkbRinehart and Winstoncc1964 aLCLIB/943/ROD